00409nam a2200121Ia 4500008004100000041000800041082001600049100001600065245013100081260003900212300001900251999001700270241015s9999 xx 000 0 und d aeng a330.150 BOU aBougrine H. aBrief History Of Economic Thought: From The Mercantilists To The Post-Keynesians From The Mercantilists To The Post-Keynesians bEdward Elgar PublishingaUSAc2022 a285;. P. 23 cm c41562d41562